[Event "FIDE World Rapid-ch Open 2018"]
[White "Yeritsyan, Aram"]
[Black "Al Turky, Fahad A"]
[Site "St. Petersburg"]
[Round "9.100"]
[Annotator "NA"]
[Result "1-0"]
[Date "2018.12.27"]
[WhiteElo "2372"]
[BlackElo "1836"]
[PlyCount "75"]
[TimeControl "900+10"]

1. e4 {[%emt 0:0:0]} c5 {[%emt 0:3:34]} 2. Nf3 {[%emt 0:0:0]} Nc6 {[%emt 0:0:1]
} 3. d4 {[%emt 0:0:0]} cxd4 {[%emt 0:0:3]} 4. Nxd4 {[%emt 0:0:0]} e5 {[%emt 0:0:7]} 5. Nb5 {[%emt 0:0:0]} d6 {[%emt 0:0:2]} 6. N1c3 {[%emt 0:0:0]} Nf6 {[%emt 0:1:1]} 7. Bg5 {[%emt 0:0:1]} Be7 {[%emt 0:0:0]} 8. Bxf6 {[%emt 0:0:13]} gxf6 {[%emt 0:0:2]} 9. Nd5 {[%emt 0:0:5]} 0-0 {[%emt 0:2:18]} 10. Nxe7+ {[%emt 0:0:2]} Qxe7 {[%emt 0:0:2]} 11. Qxd6 {[%emt 0:0:5]
} Qxd6 {[%emt 0:0:46]} 12. Nxd6 {[%emt 0:0:1]} Nd4 {[%emt 0:0:0]} 13. 0-0-0 {[%emt 0:0:20]} Rd8 {[%emt 0:0:19]} 14. Nxc8 {[%emt 0:0:0]} Raxc8 {[%emt 0:0:0]} 15. c3 {[%emt 0:0:1]} Ne6 {[%emt 0:1:46]} 16. Rxd8+ {[%emt 0:0:19]} Rxd8 {[%emt 0:0:0]} 17. g3 {[%emt 0:0:6]} Nc5 {[%emt 0:0:14]
} 18. f3 {[%emt 0:0:3]} a6 {[%emt 0:0:19]} 19. Be2 {[%emt 0:0:0]} b5 {[%emt 0:1:29]} 20. Rd1 {[%emt 0:0:3]} Rxd1+ {[%emt 0:0:2]} 21. Kxd1 {[%emt 0:0:2]} Kf8 {[%emt 0:0:4]} 22. Kc2 {[%emt 0:0:5]} Ke7 {[%emt 0:0:31]
} 23. b4 {[%emt 0:0:1]} Ne6 {[%emt 0:0:11]} 24. a4 {[%emt 0:0:0]} Nc7 {[%emt 0:0:6]} 25. Kb3 {[%emt 0:0:33]} Kd6 {[%emt 0:0:3]} 26. c4 {[%emt 0:0:22]} Ne6 {[%emt 0:0:9]} 27. c5+ {[%emt 0:1:40]} Kc6 {[%emt 0:0:0]} 28. axb5+ {[%emt 0:0:2]} axb5 {[%emt 0:0:2]} 29. Kc3 {[%emt 0:0:0]} Nd4 {[%emt 0:0:8]} 30. Bd1 {[%emt 0:0:1]} h6 {[%emt 0:0:25]} 31. Kd3 {[%emt 0:0:7]} Ne6 {[%emt 0:0:50]} 32. Bb3 {[%emt 0:0:2]} Ng5 {[%emt 0:0:0]} 33. f4 {[%emt 0:0:2]} exf4 {[%emt 0:0:1]} 34. gxf4 {[%emt 0:0:3]} Ne6 {[%emt 0:0:3]} 35. Bxe6 {[%emt 0:0:5]} fxe6 {[%emt 0:0:1]} 36. Ke3 {[%emt 0:0:3]
} f5 {[%emt 0:1:21]} 37. exf5 {[%emt 0:0:8]} exf5 {[%emt 0:0:0]} 38. Kd4 {[%emt 0:0:1]} 1-0

[Event "FIDE World Rapid-ch Open 2018"]
[White "Ahmed Hassan Abdillahi"]
[Black "khayat, Abdullah F"]
[Site "St. Petersburg"]
[Round "9.101"]
[Annotator "NA"]
[Result "1-0"]
[Date "2018.12.27"]
[WhiteElo "1570"]
[BlackElo "1723"]
[PlyCount "85"]
[TimeControl "900+10"]

1. d4 {[%emt 0:0:40]} Nf6 {[%emt 0:0:0]} 2. c4 {[%emt 0:0:3]} d6 {[%emt 0:0:0]} 3. Nc3 {[%emt 0:0:6]} g6 {[%emt 0:0:1]} 4. e4 {[%emt 0:0:5]} Bg7 {[%emt 0:0:2]} 5. Nf3 {[%emt 0:0:6]} 0-0 {[%emt 0:0:3]} 6. Be2 {[%emt 0:0:0]} a5 {[%emt 0:0:2]} 7. 0-0 {[%emt 0:0:15]} Na6 {[%emt 0:0:3]} 8. a3 {[%emt 0:0:2]} Nd7 {[%emt 0:0:8]} 9. Be3 {[%emt 0:0:6]} e5 {[%emt 0:0:0]} 10. d5 {[%emt 0:0:12]} Ndc5 {[%emt 0:0:13]} 11. Qc2 {[%emt 0:0:10]} f5 {[%emt 0:0:5]} 12. Bg5 {[%emt 0:0:53]} Qe8 {[%emt 0:0:37]} 13. b4 {[%emt 0:0:0]} axb4 {[%emt 0:0:8]} 14. axb4 {[%emt 0:0:2]} Nxb4 {[%emt 0:0:10]} 15. Qb2 {[%emt 0:0:1]} Rxa1 {[%emt 0:0:27]} 16. Rxa1 {[%emt 0:0:1]} Nba6 {[%emt 0:0:5]
} 17. Nd2 {[%emt 0:0:52]} h6 {[%emt 0:0:18]} 18. Be3 {[%emt 0:0:0]} f4 {[%emt 0:0:44]} 19. Bxc5 {[%emt 0:0:2]} Nxc5 {[%emt 0:0:1]} 20. Nb5 {[%emt 0:0:2]} Qe7 {[%emt 0:0:28]} 21. f3 {[%emt 0:1:34]} g5 {[%emt 0:0:0]} 22. Na7 {[%emt 0:0:2]} Bd7 {[%emt 0:0:36]} 23. Nb3 {[%emt 0:0:6]} Nxb3 {[%emt 0:3:18]} 24. Qxb3 {[%emt 0:0:3]} b6 {[%emt 0:0:9]} 25. Nb5 {[%emt 0:0:7]
} Rc8 {[%emt 0:0:58]} 26. Ra7 {[%emt 0:0:13]} Qd8 {[%emt 0:0:0]} 27. Qa3 {[%emt 0:0:46]} Bxb5 {[%emt 0:0:11]} 28. cxb5 {[%emt 0:0:2]} h5 {[%emt 0:0:11]} 29. h3 {[%emt 0:0:5]} Bf6 {[%emt 0:0:20]} 30. Qa6 {[%emt 0:0:10]
} Kg7 {[%emt 0:0:49]} 31. Qxb6 {[%emt 0:0:5]} Kg6 {[%emt 0:0:0]} 32. Qc6 {[%emt 0:0:4]} Be7 {[%emt 0:1:10]} 33. Qb7 {[%emt 0:0:5]} Kf6 {[%emt 0:0:40]} 34. Ra6 {[%emt 0:0:39]} Rb8 {[%emt 0:0:40]} 35. Qc6 {[%emt 0:0:1]
} Rc8 {[%emt 0:0:24]} 36. Qc3 {[%emt 0:0:6]} h4 {[%emt 0:0:0]} 37. Rc6 {[%emt 0:0:3]} Ra8 {[%emt 0:3:36]} 38. Rxc7 {[%emt 0:0:9]} Ra3 {[%emt 0:0:32]} 39. Qc6 {[%emt 0:0:16]} Qb8 {[%emt 0:0:11]} 40. Qd7 {[%emt 0:0:10]
} Qb6+ {[%emt 0:0:10]} 41. Kh2 {[%emt 0:0:8]} Ra1 {[%emt 0:0:0]} 42. Qxe7+ {[%emt 0:0:7]} Kg6 {[%emt 0:0:3]} 43. Qe6+ {[%emt 0:0:5]} 1-0